000 01148nam a2200217Ia 4500
003 Ost
005 20260507075739.0
008 260507s9999||||xx |||||||||||||| ||und||
040 _cfsecg
041 _aara
082 _a331.1
100 _aعبد الباقي، صلاح الدين محمد
_eمؤلف
245 0 _aإدارة الموارد البشرية :
_bمدخل تطبيقي معاصر /
_c صلاح الدين محمد عبد الباقي
260 _aالاسكندرية:
_bالدار الجامعية,
_c2004
300 _a424 صفحة؛
_bإيضاحات ؛
_c24 سم
520 _aالمدخل إلى الموارد البشرية،تكوين وتدريب الموارد البشرية،تدريب وتنمية الموارد البشرية،تعويض الموارد البشرية وإدارة المرتبات والأجور،تقييم أداء الموارد البشرية وترقيتها ونقلها،التحديات المعاصرة لإدارة الموارد البشرية
653 _aإدارة الأفراد
653 _aالاجور
653 _aالقوي العاملة-تدريب
942 _cكتاب
999 _c46123
_d46123